Statistics for European Countries by 3 Letter Abbreviations

Click here to take the quiz!

General Stats

  • This quiz has been taken 83 times
    (49 since last reset)
  • The average score is 33 of 45

Answer Stats

AbbreviationCountry% Correct
ALBAlbania
100%
AUTAustria
93%
ANDAndorra
90%
BELBelgium
90%
BLRBelarus
88%
DNKDenmark
88%
FINFinland
88%
FRAFrance
88%
ITAItaly
88%
HUNHungary
85%
CZECzech Republic
83%
ESTEstonia
83%
POLPoland
83%
UKRUkraine
83%
GRCGreece
80%
IRLIreland
80%
LUXLuxembourg
80%
RUSRussia
80%
SVKSlovakia
80%
LVALatvia
78%
NORNorway
78%
SRBSerbia
78%
SWESweden
78%
VATVatican City
76%
MLTMalta
73%
SVNSlovenia
71%
BGRBulgaria
68%
DEUGermany
68%
MCOMonaco
68%
NLDNetherlands
68%
ESPSpain
68%
LTULithuania
66%
PRTPortugal
66%
ISLIceland
63%
GBRUnited Kingdom
63%
BIHBosnia and Herzegovina
61%
LIELiechtenstein
61%
XKXKosovo
59%
ROURomania
59%
HRVCroatia
51%
MKDMacedonia
51%
MDAMoldova
49%
CHESwitzerland
49%
SMRSan Marino
46%
MNEMontenegro
39%

Score Distribution

Percentile by Number Answered

Percent of People with Each Score

Your Score History

You have not taken this quiz since the last reset